LEADER 01722nam a2200337 a 4500 001 991004031689707536 008 030303s gw 000 0 eng d 020 $a3540663339 (alk. paper) 035 $ab11901330-39ule_inst 082 0 $a620.411 084 $aLC GB642 084 $a621.3.5 084 $a53.1.672 111 2 $aInternational Symposium on Thermal Engineering and Science for Cold Regions$n<6. ;$d1999 ;$cDarmstadt, Germany>$0532770 245 10$aAdvances in cold-region thermal engineering and sciences :$btechnological, environmental, and climatological impact : proceedings of the 6th international symposium held in Darmstadt, Germany, 22-25 August, 1999 /$cKolumban Hutter, Yongqi Wang, Hans Beer, (eds.) 260 $aBerlin ;$aNew York :$bSpringer,$cc1999 300 $axx, 608 p. :$bill. ;$c24 cm. 490 0 $aLecture notes in physics,$x0075-8450 ;$v533 504 $aIncludes bibliographical references. 650 0$aFrozen ground-Thermal properties$xCongresses 650 0$aHeat-Transmission$xCongresses 650 0$aHeat engineering-Cold weather conditions$xCongresses 700 1 $aHutter, Kolumban$eauthor$4http://id.loc.gov/vocabulary/relators/aut$047891 700 1 $aWang, Yongqi$eauthor$4http://id.loc.gov/vocabulary/relators/aut$0736259 700 1 $aBeer, Hans$eauthor$4http://id.loc.gov/vocabulary/relators/aut$062245 907 $a.b11901330$b28-04-17$c03-03-03 912 $a991004031689707536 945 $aLE006 621.3.5 HUT$g1$i2006000088336$lle006$o-$pE135.95$q-$rl$s- $t0$u0$v0$w0$x0$y.i12164367$z03-03-03 996 $aAdvances in cold-region thermal engineering and sciences$91454882 997 $aUNISALENTO 998 $ale006$b03-03-03$cm$da $e-$feng$ggw $h0$i1 LEADER 01039nam0-2200325---450 001 990009302320403321 005 20250520103953.0 010 $a9788895315072 035 $a000930232 035 $aFED01000930232 035 $a(Aleph)000930232FED01 035 $a000930232 100 $a20101222d2010----km-y0itay50------ba 101 0 $aita 102 $aIT 105 $ay-------001yy 200 1 $a<>prorogatio dell'organo amministrativo nelle societą di capitali$eprofili teorici e risvolti redazionali nell'attivitą notarile$fPaolo Divizia, Luca Olivieri 210 $aBrienza$cLe Penseur$d2010 215 $a131 p.$d24 cm 225 1 $aExpressis verbis 676 $a346.450666$v20$zita 700 1$aDivizia,$bPaolo$f<1978- >$0523696 701 1$aOlivieri,$bLuca$0327623 801 0$aIT$bUNINA$gRICA$2UNIMARC 901 $aBK 912 $a990009302320403321 952 $a13 CB 939$b14894$fDDCP 959 $aDDCP 996 $aProrogatio dell'organo amministrativo nelle societą di capitali$94379330 997 $aUNINA